[Event "CHN-chT DivA"]
[Site "Fuling"]
[Date "2023.06.06"]
[Round "2.4"]
[White "Li, Chao B"]
[Black "Wang, Yue"]
[Result "1/2-1/2"]
[WhiteElo "2658"]
[BlackElo "2674"]
[PlyCount "61"]
[EventDate "2023.06.05"]
[EventType "team-tourn"]
[EventRounds "11"]
[EventCountry "CHN"]
[SourceTitle "CBM 214 Extra"]
[Source "ChessBase"]
[SourceDate "2023.07.31"]
[SourceVersion "1"]
[SourceVersionDate "2023.07.31"]
[SourceQuality "1"]
[WhiteTeam "Beijing"]
[BlackTeam "Tianjin"]
[WhiteTeamCountry "CHN"]
[BlackTeamCountry "CHN"]

1. e4 e5 2. Nf3 Nc6 3. Bb5 Nf6 4. 0-0 Nxe4 5. d4 Nd6 6. dxe5 Nxb5 7. a4 Nbd4 8. Nxd4 Nxd4 9. Qxd4 d5 10. exd6 Qxd6 11. Qe4+ Qe6 12. Qd4 Qd6 13. Qe3+ Be6 14. Nc3 a6 15. Rd1 Qc6 16. Rd3 Be7 17. Ne2 Bf6 18. Nd4 Bxd4 19. Qxd4 f6 20. Bf4 0-0 21. Rc3 Qb6 22. Qxb6 cxb6 23. Re1 Bd5 24. Re7 Rfe8 25. Rcc7 Rxe7 26. Rxe7 Rc8 27. Bc7 Kf8 28. Bd6 Kg8 29. Bc7 Kf8 30. Bd6 Kg8 31. Bc7 1/2-1/2

[Event "CHN-chT"]
[Site "Hangzhou"]
[Date "2023.05.22"]
[Round "4.1"]
[White "Li, Chao B"]
[Black "Wang, Yue"]
[Result "1/2-1/2"]
[WhiteElo "2666"]
[BlackElo "2669"]
[PlyCount "44"]
[EventDate "2023.05.19"]
[EventType "team-swiss"]
[EventRounds "9"]
[EventCountry "CHN"]
[SourceTitle "CBM 214 Extra"]
[Source "ChessBase"]
[SourceDate "2023.07.31"]
[SourceVersion "1"]
[SourceVersionDate "2023.07.31"]
[SourceQuality "1"]
[WhiteTeam "Beijing"]
[BlackTeam "Tianjin"]
[WhiteTeamCountry "CHN"]
[BlackTeamCountry "CHN"]

1. d4 Nf6 2. c4 e6 3. g3 d5 4. Bg2 dxc4 5. Nf3 c5 6. 0-0 Nc6 7. dxc5 Qxd1 8. Rxd1 Bxc5 9. Nbd2 c3 10. bxc3 0-0 11. Nb3 Be7 12. Nfd4 Bd7 13. Nxc6 Bxc6 14. Bxc6 bxc6 15. c4 a5 16. Be3 Rfc8 17. f3 Kf8 18. Rab1 Ke8 19. Nc5 Rcb8 20. Na6 Rc8 21. Nc5 Rcb8 22. Na6 Rc8 1/2-1/2

[Event "PRO League Stage"]
[Site "Chess.com INT"]
[Date "2020.02.05"]
[Round "5"]
[White "Ganguly, Surya Shekhar"]
[Black "Wang, Yue"]
[Result "1-0"]
[WhiteElo "2640"]
[BlackElo "2669"]
[PlyCount "89"]
[EventDate "2020.01.06"]
[EventType "team-swiss (rapid)"]
[EventRounds "7"]
[EventCountry "USA"]
[SourceTitle "CBM 194 Extra"]
[Source "ChessBase"]
[SourceDate "2020.03.31"]
[SourceVersion "1"]
[SourceVersionDate "2020.03.31"]
[SourceQuality "1"]
[WhiteTeam "India Yogis"]
[BlackTeam "China Pandas"]
[WhiteTeamCountry "IND"]
[BlackTeamCountry "CHN"]

1. e4 e5 2. Nf3 Nf6 3. Nxe5 d6 4. Nf3 Nxe4 5. d4 d5 6. Bd3 Nc6 7. 0-0 Be7 8. Nbd2 Nxd2 9. Bxd2 Bg4 10. c3 Qd7 11. h3 Bf5 12. Bf4 Bxd3 13. Qxd3 0-0 14. Rfe1 Rfe8 15. Re2 Bd6 16. Bxd6 Rxe2 17. Qxe2 Qxd6 18. Re1 Qd7 19. b4 a6 20. a4 f6 21. Nd2 Kf8 22. Nb3 b6 23. Qh5 g6 24. Qh6+ Kg8 25. Qf4 Kf7 26. Nc1 Qd6 27. Qh6 Rh8 28. Nd3 Ne7 29. g4 g5 30. h4 gxh4 31. Nf4 Rg8 32. Qxh7+ Rg7 33. Qh5+ Ng6 34. Nxd5 Kf8 35. Qf5 Ne7 36. Nxe7 Rxe7 37. Re5 Kg7 38. Rxe7+ Qxe7 39. Kg2 Qe2 40. Qf3 Qd2 41. Qe3 Qc2 42. Qe7+ Kg6 43. Qe8+ Kg7 44. Qd7+ Kg6 45. Qc6 1-0

[Event "PRO League Stage"]
[Site "Chess.com INT"]
[Date "2020.02.05"]
[Round "5"]
[White "Harikrishna, Pentala"]
[Black "Wang, Yue"]
[Result "1-0"]
[WhiteElo "2713"]
[BlackElo "2669"]
[PlyCount "59"]
[EventDate "2020.01.06"]
[EventType "team-swiss (rapid)"]
[EventRounds "7"]
[EventCountry "USA"]
[SourceTitle "CBM 194 Extra"]
[Source "ChessBase"]
[SourceDate "2020.03.31"]
[SourceVersion "1"]
[SourceVersionDate "2020.03.31"]
[SourceQuality "1"]
[WhiteTeam "India Yogis"]
[BlackTeam "China Pandas"]
[WhiteTeamCountry "IND"]
[BlackTeamCountry "CHN"]

1. e4 c6 2. d4 d5 3. exd5 cxd5 4. Bd3 Nf6 5. h3 Nc6 6. c3 e5 7. dxe5 Nxe5 8. Qe2 Qe7 9. Bc2 Bd7 10. Bf4 Nc4 11. b3 Na3 12. Nxa3 Qxe2+ 13. Nxe2 Bxa3 14. Be5 0-0 15. Bxf6 gxf6 16. Bd3 Rac8 17. Rd1 b5 18. 0-0 Bb2 19. Nf4 Bxc3 20. Nxd5 Kg7 21. Bxh7 Bxh3 22. Rd3 Be6 23. Nxc3 b4 24. Ne4 Kxh7 25. Nxf6+ Kg6 26. Nd5 Rfd8 27. Nxb4 a5 28. Rxd8 Rxd8 29. Nc6 Rd2 30. Ra1 1-0

[Event "PRO League Stage"]
[Site "Chess.com INT"]
[Date "2020.02.05"]
[Round "5"]
[White "Wang, Yue"]
[Black "Mamedyarov, Shakhriyar"]
[Result "0-1"]
[WhiteElo "2669"]
[BlackElo "2770"]
[PlyCount "54"]
[EventDate "2020.01.06"]
[EventType "team-swiss (rapid)"]
[EventRounds "7"]
[EventCountry "USA"]
[SourceTitle "CBM 194 Extra"]
[Source "ChessBase"]
[SourceDate "2020.03.31"]
[SourceVersion "1"]
[SourceVersionDate "2020.03.31"]
[SourceQuality "1"]
[WhiteTeam "China Pandas"]
[BlackTeam "India Yogis"]
[WhiteTeamCountry "CHN"]
[BlackTeamCountry "IND"]

1. d4 Nf6 2. c4 g6 3. Nc3 d5 4. cxd5 Nxd5 5. e4 Nxc3 6. bxc3 Bg7 7. Nf3 c5 8. Bb5+ Nc6 9. 0-0 0-0 10. Be3 Bg4 11. Bxc6 bxc6 12. Rc1 Qa5 13. Qe2 Rab8 14. Rfd1 Rfd8 15. h3 Bxf3 16. gxf3 cxd4 17. cxd4 Bxd4 18. Rxc6 Bxe3 19. Rxd8+ Qxd8 20. Qxe3 Qd1+ 21. Kg2 Rb1 22. Kg3 Qg1+ 23. Kh4 Rb2 24. Rc7 h6 25. Rxe7 Rb5 26. Re8+ Kh7 27. e5 Rb4+ 0-1

[Event "PRO League Stage"]
[Site "Chess.com INT"]
[Date "2020.01.20"]
[Round "3"]
[White "Wang, Yue"]
[Black "Rodshtein, Maxim"]
[Result "1-0"]
[WhiteElo "2669"]
[BlackElo "2628"]
[PlyCount "81"]
[EventDate "2020.01.06"]
[EventType "team-swiss (rapid)"]
[EventRounds "7"]
[EventCountry "USA"]
[SourceTitle "CBM 194 Extra"]
[Source "ChessBase"]
[SourceDate "2020.03.31"]
[SourceVersion "1"]
[SourceVersionDate "2020.03.31"]
[SourceQuality "1"]
[WhiteTeam "China Pandas"]
[BlackTeam "Israel Counsellors"]
[WhiteTeamCountry "CHN"]
[BlackTeamCountry "ISR"]

1. d4 Nf6 2. c4 e6 3. Nf3 d5 4. g3 Bb4+ 5. Bd2 Be7 6. Bg2 c6 7. Qc2 Nbd7 8. 0-0 0-0 9. Bf4 Ne4 10. Nc3 g5 11. Bc1 f5 12. b3 Rf7 13. Bb2 Bd6 14. Nxe4 fxe4 15. Ne5 Nxe5 16. dxe5 Bc7 17. f3 exf3 18. exf3 Bd7 19. f4 gxf4 20. gxf4 Qh4 21. Kh1 Raf8 22. cxd5 exd5 23. Rg1 Bg4 24. Bf3 Rxf4 25. Bxg4 Rf2 26. Bh3+ Kh8 27. Qc3 R8f3 28. Qxf3 Rxf3 29. e6+ d4 30. Rg4 Qh5 31. Rag1 Rf8 32. e7 Re8 33. Rg5 Qf3+ 34. Bg2 Qf4 35. Rg3 c5 36. Bd5 Qxg3 37. hxg3 b6 38. Re1 Bxg3 39. Re4 Bd6 40. Rxd4 Be5 41. Re4 1-0

[Event "Tianjin Prestigious Univ-ch"]
[Site "Tianjin"]
[Date "2019.11.29"]
[Round "10"]
[White "Oparin, Grigoriy"]
[Black "Wang, Yue"]
[Result "1/2-1/2"]
[WhiteElo "2660"]
[BlackElo "2674"]
[PlyCount "170"]
[EventDate "2019.11.26"]
[EventType "team-tourn"]
[EventRounds "11"]
[EventCountry "CHN"]
[SourceTitle "CBM 193 Extra"]
[Source "ChessBase"]
[SourceDate "2020.01.31"]
[SourceVersion "1"]
[SourceVersionDate "2020.01.31"]
[SourceQuality "1"]

1. Nf3 d5 2. g3 Nf6 3. Bg2 e6 4. 0-0 c5 5. d4 Nc6 6. c4 dxc4 7. Qa4 Bd7 8. Qxc4 cxd4 9. Nxd4 Rc8 10. Nc3 Nxd4 11. Qxd4 Bc5 12. Qh4 h6 13. Bxb7 Rb8 14. Ne4 Be7 15. Ba6 Bc6 16. Nxf6+ Bxf6 17. Qc4 Qd5 18. Qxd5 Bxd5 19. a4 Bxb2 20. Rb1 Be5 21. Rxb8+ Bxb8 22. Ba3 f6 23. f3 Kf7 24. Bc5 Bc6 25. Rb1 Bxa4 26. Rb7+ Kg6 27. Bd3+ f5 28. Bd4 Rg8 29. Bc4 Bc6 30. Re7 Bd5 31. Bxd5 exd5 32. Rd7 h5 33. Kg2 a5 34. Rxd5 Re8 35. Kf1 Bc7 36. Bc3 Rd8 37. Rc5 Rd1+ 38. Kg2 Bd8 39. Bxa5 Bxa5 40. Rxa5 Kf6 41. Ra6+ Kf7 42. h4 Rb1 43. Kf2 Rb3 44. Rd6 g6 45. Rd3 Rb4 46. Ke3 Ke6 47. Rd4 Rb2 48. Ra4 Kf6 49. Ra6+ Kf7 50. Ra7+ Kf6 51. Ra6+ Kf7 52. Rc6 Ra2 53. Kd3 Ra4 54. e4 fxe4+ 55. fxe4 Ra1 56. Ke3 Ra3+ 57. Kf4 Rb3 58. Ra6 Rc3 59. Ra2 Rb3 60. Rf2 Kf6 61. Rf3 Rb1 62. e5+ Kg7 63. Re3 Rf1+ 64. Ke4 Ra1 65. Rd3 Kf7 66. Rd7+ Ke6 67. Rd6+ Kf7 68. Rd7+ Ke6 69. Rd6+ Kf7 70. Rf6+ Kg7 71. Rc6 Kf7 72. Rb6 Ra2 73. Kf4 Ra4+ 74. Kg5 Rg4+ 75. Kh6 Rxg3 76. Rf6+ Ke7 77. Rxg6 Re3 78. Rg5 Re4 79. Rxh5 Rg4 80. Kh7 Kf7 81. Rf5+ Ke6 82. Rg5 Rxh4+ 83. Kg7 Re4 84. Kg6 Rxe5 85. Rxe5+ Kxe5 1/2-1/2

[Event "Tianjin Prestigious Univ-ch"]
[Site "Tianjin"]
[Date "2019.11.26"]
[Round "1"]
[White "Theodorou, Nikolas"]
[Black "Wang, Yue"]
[Result "1/2-1/2"]
[WhiteElo "2555"]
[BlackElo "2674"]
[PlyCount "35"]
[EventDate "2019.11.26"]
[EventType "team-tourn"]
[EventRounds "11"]
[EventCountry "CHN"]
[SourceTitle "CBM 193 Extra"]
[Source "ChessBase"]
[SourceDate "2020.01.31"]
[SourceVersion "1"]
[SourceVersionDate "2020.01.31"]
[SourceQuality "1"]

1. d4 Nf6 2. c4 e6 3. g3 d5 4. Bg2 dxc4 5. Nf3 c6 6. Ne5 Bb4+ 7. Nc3 Nd5 8. 0-0 0-0 9. Qc2 Nb6 10. Ne4 f5 11. Ng5 Qxd4 12. Bf4 Be7 13. Ngf3 Qc5 14. Be3 Qb4 15. Bd2 Qc5 16. Be3 Qb4 17. Bd2 Qc5 18. Be3 1/2-1/2

[Event "Tianjin Prestigious Univ-ch"]
[Site "Tianjin"]
[Date "2019.11.26"]
[Round "2"]
[White "Wang, Yue"]
[Black "Isakov, Michael G"]
[Result "1/2-1/2"]
[WhiteElo "2674"]
[BlackElo "2162"]
[PlyCount "82"]
[EventDate "2019.11.26"]
[EventType "team-tourn"]
[EventRounds "11"]
[EventCountry "CHN"]
[SourceTitle "CBM 193 Extra"]
[Source "ChessBase"]
[SourceDate "2020.01.31"]
[SourceVersion "1"]
[SourceVersionDate "2020.01.31"]
[SourceQuality "1"]

1. Nf3 d5 2. g3 Nf6 3. Bg2 e6 4. c4 Be7 5. d4 0-0 6. Nc3 b6 7. 0-0 Bb7 8. cxd5 exd5 9. Ne5 Nbd7 10. Qa4 a6 11. Nxd7 Nxd7 12. Nxd5 Bd6 13. Rd1 Re8 14. Qc2 Rb8 15. Nc3 Bxg2 16. Kxg2 b5 17. e4 Nb6 18. f3 Qc8 19. Be3 Nc4 20. Bf2 Re6 21. b3 Rh6 22. h4 Bxg3 23. Kxg3 Rbb6 24. bxc4 Rxh4 25. Kxh4 Rh6+ 26. Kg3 Qh3+ 27. Kf4 Rf6+ 28. Ke3 Rxf3+ 29. Kd2 Qh6+ 30. Ke2 Rxf2+ 31. Kxf2 Qh2+ 32. Kf3 Qh3+ 33. Ke2 Qh2+ 34. Kd3 Qh3+ 35. Kd2 Qh6+ 36. Ke2 Qh2+ 37. Kf3 Qh3+ 38. Kf4 Qh4+ 39. Ke3 Qh3+ 40. Ke2 Qh2+ 41. Kd3 Qh3+ 1/2-1/2

[Event "CHN-chT"]
[Site "China"]
[Date "2019.11.21"]
[Round "16.5"]
[White "Wang, Yue"]
[Black "Li, Chao B"]
[Result "1/2-1/2"]
[WhiteElo "2674"]
[BlackElo "2690"]
[PlyCount "62"]
[EventDate "2019.04.09"]
[EventType "team-tourn"]
[EventRounds "22"]
[EventCountry "CHN"]
[SourceTitle "CBM 195 Extra"]
[Source "ChessBase"]
[SourceDate "2020.05.31"]
[SourceVersion "1"]
[SourceVersionDate "2020.05.31"]
[SourceQuality "1"]
[WhiteTeam "Tianjin"]
[BlackTeam "Beijing Beiao"]
[WhiteTeamCountry "CHN"]
[BlackTeamCountry "CHN"]

1. d4 Nf6 2. c4 g6 3. Nc3 d5 4. Nf3 Bg7 5. h4 c6 6. cxd5 cxd5 7. Bf4 Nc6 8. e3 0-0 9. Qb3 a6 10. Be2 Na5 11. Qd1 Bg4 12. 0-0 Rc8 13. Ne5 Bxe2 14. Qxe2 Nc4 15. Nxc4 Rxc4 16. Rac1 Nh5 17. Bh2 e6 18. g4 Nf6 19. g5 Nh5 20. b3 Rc6 21. Na4 Qd7 22. Rxc6 Qxc6 23. Nb2 Rc8 24. Nd3 Qb5 25. Rc1 Rxc1+ 26. Nxc1 Qxe2 27. Nxe2 Bf8 28. Kg2 Ba3 29. Be5 Kf8 30. Ng3 Nxg3 31. Kxg3 Ke7 1/2-1/2

[Event "CHN-chT"]
[Site "China"]
[Date "2019.08.22"]
[Round "14.4"]
[White "Wang, Yue"]
[Black "Li, Di"]
[Result "1/2-1/2"]
[WhiteElo "2683"]
[BlackElo "2529"]
[PlyCount "145"]
[EventDate "2019.04.09"]
[EventType "team-tourn"]
[EventRounds "22"]
[EventCountry "CHN"]
[SourceTitle "EXT 2020"]
[Source "ChessBase"]
[SourceDate "2019.10.17"]
[SourceVersion "1"]
[SourceVersionDate "2019.10.17"]
[SourceQuality "1"]
[WhiteTeam "Tianjin"]
[BlackTeam "Chengdu Beilei Youth"]
[WhiteTeamCountry "CHN"]
[BlackTeamCountry "CHN"]

1. c4 c6 2. Nf3 d5 3. d4 a6 4. Qb3 dxc4 5. Qxc4 b5 6. Qc2 Bb7 7. e4 e6 8. a4 Nd7 9. Bd3 Ngf6 10. 0-0 c5 11. axb5 axb5 12. Rxa8 Qxa8 13. dxc5 Bxc5 14. Bxb5 0-0 15. Nc3 Rc8 16. Qe2 Nb6 17. e5 Ne4 18. Nxe4 Bxe4 19. Bd3 Bxd3 20. Qxd3 h6 21. Bd2 Nd5 22. g3 Rb8 23. Bc3 Nxc3 24. bxc3 Rb2 25. Nd4 Qd5 26. Re1 g6 27. h4 Bb6 28. Qe4 Bxd4 29. Qxd4 Qxd4 30. cxd4 Rd2 31. Re4 Kg7 32. Kf1 g5 33. h5 Rd1+ 34. Ke2 Rh1 35. g4 Rg1 36. f3 Rg2+ 37. Ke1 Ra2 38. Re3 Rb2 39. Rd3 Ra2 40. Rd2 Ra3 41. Ke2 Ra4 42. Ke3 Ra3+ 43. Rd3 Ra1 44. Rc3 Re1+ 45. Kd2 Rf1 46. Ke2 Ra1 47. Rc7 Kg8 48. Rc3 Kg7 49. Kd3 Kg8 50. Kc4 Rd1 51. Ra3 Rc1+ 52. Kd3 Kg7 53. Kd2 Rf1 54. Ke2 Rb1 55. Rd3 Ra1 56. d5 exd5 57. Rxd5 Ra3 58. Kf2 Rb3 59. Rd7 Kg8 60. Rd6 Kg7 61. e6 fxe6 62. Rxe6 Ra3 63. Rg6+ Kh7 64. Rd6 Kg7 65. Rd7+ Kg8 66. Ke2 Rb3 67. Rd3 Rb7 68. Rd6 Kg7 69. Ke3 Re7+ 70. Kd4 Rf7 71. Ke4 Re7+ 72. Kd5 Rf7 73. Ke4 1/2-1/2

[Event "CHN-chT"]
[Site "China"]
[Date "2019.08.20"]
[Round "12.3"]
[White "Wang, Yue"]
[Black "Cheparinov, Ivan"]
[Result "1/2-1/2"]
[WhiteElo "2683"]
[BlackElo "2679"]
[PlyCount "89"]
[EventDate "2019.04.09"]
[EventType "team-tourn"]
[EventRounds "22"]
[EventCountry "CHN"]
[SourceTitle "EXT 2020"]
[Source "ChessBase"]
[SourceDate "2019.10.17"]
[SourceVersion "1"]
[SourceVersionDate "2019.10.17"]
[SourceQuality "1"]
[WhiteTeam "Tianjin"]
[BlackTeam "Shenzhen Longgang"]
[WhiteTeamCountry "CHN"]
[BlackTeamCountry "CHN"]

1. Nf3 c5 2. c4 Nc6 3. Nc3 g6 4. g3 Bg7 5. Bg2 e5 6. 0-0 Nge7 7. Ne1 d6 8. Nc2 0-0 9. Ne3 Be6 10. Ned5 Qd7 11. d3 Bh3 12. e4 Bxg2 13. Kxg2 f5 14. Bd2 Rf7 15. Nxe7+ Qxe7 16. Nd5 Qd7 17. exf5 Rxf5 18. Be3 Raf8 19. f3 Ne7 20. Nxe7+ Qxe7 21. Qe2 d5 22. cxd5 Qd6 23. Qc2 b6 24. Qc4 Rd8 25. a4 Qxd5 26. Qxd5+ Rxd5 27. Ra3 Rd7 28. Rb3 Rf6 29. Kf2 Rfd6 30. Ke2 Kf7 31. Ra1 Ke6 32. a5 Bf6 33. axb6 axb6 34. Ra8 Bd8 35. Rba3 Rd5 36. Rc8 R5d6 37. Rca8 Rd5 38. R8a7 Rxa7 39. Rxa7 Rd7 40. Ra8 Kd5 41. Bd2 Be7 42. Bc3 Bd6 43. Ke3 Bc7 44. Ra7 Re7 45. b3 1/2-1/2

[Event "CHN-chT"]
[Site "China"]
[Date "2019.07.27"]
[Round "11.5"]
[White "Wang, Yue"]
[Black "Nie, Xinyang"]
[Result "1/2-1/2"]
[WhiteElo "2694"]
[BlackElo "2346"]
[PlyCount "63"]
[EventDate "2019.04.09"]
[EventType "team-tourn"]
[EventRounds "22"]
[EventCountry "CHN"]
[SourceTitle "EXT 2020"]
[Source "ChessBase"]
[SourceDate "2019.10.17"]
[SourceVersion "1"]
[SourceVersionDate "2019.10.17"]
[SourceQuality "1"]
[WhiteTeam "Tianjin"]
[BlackTeam "Chongqing Jiulongpo Yucai"]
[WhiteTeamCountry "CHN"]
[BlackTeamCountry "CHN"]

1. c4 e6 2. g3 d5 3. Bg2 Nf6 4. Nf3 d4 5. e3 c5 6. exd4 cxd4 7. 0-0 Nc6 8. d3 Bd6 9. Bg5 e5 10. Nbd2 Bf5 11. Re1 h6 12. Nxe5 Nxe5 13. Bf4 0-0 14. Bxe5 Bxe5 15. Rxe5 Bxd3 16. Qb3 Bg6 17. Rae1 Rb8 18. c5 Qa5 19. Nc4 Qc7 20. Qb4 Rfd8 21. Qa5 Qxa5 22. Nxa5 Nd7 23. Nxb7 Rdc8 24. Rd5 Rxb7 25. c6 Rxc6 26. Rxd4 Rcc7 27. Bxb7 Rxb7 28. Re8+ Kh7 29. Re7 Bf5 30. Rxf7 Kg6 31. Re7 Rxb2 32. Rexd7 1/2-1/2

[Event "PRO League KO Stage"]
[Site "Chess.com INT"]
[Date "2019.05.05"]
[Round "4"]
[White "Wang, Yue"]
[Black "Sargsyan, Anna M"]
[Result "1-0"]
[WhiteElo "2684"]
[BlackElo "2340"]
[PlyCount "141"]
[EventDate "2019.03.19"]
[EventType "team-k.o. (rapid)"]
[EventRounds "4"]
[EventCountry "USA"]
[SourceTitle "CBM 190 Extra"]
[Source "ChessBase"]
[SourceDate "2019.07.15"]
[SourceVersion "1"]
[SourceVersionDate "2019.07.15"]
[SourceQuality "1"]
[WhiteTeam "Chengdu Pandas"]
[BlackTeam "Armenia Eagles"]
[WhiteTeamCountry "CHN"]
[BlackTeamCountry "ARM"]

1. g3 d5 2. Nf3 Bg4 3. Bg2 Nd7 4. c4 e6 5. cxd5 exd5 6. h3 Bxf3 7. Bxf3 c6 8. d3 Ngf6 9. 0-0 Be7 10. Nc3 0-0 11. Bg2 Re8 12. e4 dxe4 13. dxe4 Bb4 14. Qc2 Qe7 15. Bd2 Rad8 16. a3 Bc5 17. Rad1 Ne5 18. Bf4 Nh5 19. Bxe5 Qxe5 20. Kh2 Qg5 21. Ne2 Rxd1 22. Qxd1 Rd8 23. Qb3 Qd2 24. Qc4 Bb6 25. e5 g6 26. e6 fxe6 27. Qxe6+ Kh8 28. Qe5+ Ng7 29. Nf4 Qd4 30. Qe7 Qd7 31. Qh4 Kg8 32. Bf3 Rf8 33. Bg4 Qf7 34. Qg5 Bc7 35. Nd3 Nf5 36. Re1 Qd5 37. Bxf5 Qxf5 38. Qxf5 Rxf5 39. Kg2 Kf7 40. f4 Rd5 41. Re3 h6 42. Kf3 Kf6 43. Nf2 Kf7 44. Ne4 Bb6 45. Rb3 Rd7 46. g4 Bd4 47. Rd3 Ke7 48. b3 c5 49. a4 b6 50. f5 gxf5 51. gxf5 a6 52. Rd2 Rd5 53. Kg4 b5 54. axb5 axb5 55. Nxc5 h5+ 56. Kxh5 Rxf5+ 57. Kg4 Rxc5 58. Rxd4 Ke6 59. Re4+ Kd5 60. Rf4 Rc3 61. Rf5+ Kc6 62. Rf3 Rc1 63. h4 Kc5 64. h5 Rg1+ 65. Rg3 Rh1 66. Rh3 Rg1+ 67. Kf5 Kb4 68. h6 Rg8 69. h7 Rh8 70. Kg6 Ka3 71. Kg7 1-0

[Event "CHN-chT"]
[Site "China"]
[Date "2019.04.10"]
[Round "2.4"]
[White "Wang, Yue"]
[Black "Wei, Yi"]
[Result "1/2-1/2"]
[WhiteElo "2684"]
[BlackElo "2728"]
[PlyCount "60"]
[EventDate "2019.04.09"]
[EventType "team-tourn"]
[EventRounds "22"]
[EventCountry "CHN"]
[SourceTitle "CBM 189 Extra"]
[Source "ChessBase"]
[SourceDate "2019.06.03"]
[SourceVersion "1"]
[SourceVersionDate "2019.06.03"]
[SourceQuality "1"]
[WhiteTeam "Tianjin"]
[BlackTeam "Jiangsu"]
[WhiteTeamCountry "CHN"]
[BlackTeamCountry "CHN"]

1. d4 Nf6 2. c4 e6 3. Nc3 Bb4 4. e3 0-0 5. Bd3 d5 6. Nf3 dxc4 7. Bxc4 c5 8. 0-0 cxd4 9. exd4 b6 10. Bg5 Bb7 11. Rc1 Nc6 12. a3 Be7 13. Ba2 Rc8 14. Re1 h6 15. Bh4 Nh5 16. Bg3 Nxg3 17. hxg3 Bf6 18. d5 Bxc3 19. Rxc3 exd5 20. Bxd5 Rc7 21. Ree3 Re7 22. Red3 Qe8 23. b4 Ne5 24. Bxb7 Rxb7 25. Re3 Qd8 26. Qxd8 Nxf3+ 27. gxf3 Rxd8 28. f4 Kf8 29. Kg2 Re7 30. Kf3 g6 1/2-1/2

[Event "PRO League KO Stage"]
[Site "Chess.com INT"]
[Date "2019.03.26"]
[Round "2"]
[White "Wang, Yue"]
[Black "Henriquez Villagra, Cristobal"]
[Result "1-0"]
[WhiteElo "2684"]
[BlackElo "2522"]
[PlyCount "145"]
[EventDate "2019.03.19"]
[EventType "team-k.o. (rapid)"]
[EventRounds "4"]
[EventCountry "USA"]
[SourceTitle "CBM 189 Extra"]
[Source "ChessBase"]
[SourceDate "2019.06.03"]
[SourceVersion "1"]
[SourceVersionDate "2019.06.03"]
[SourceQuality "1"]
[WhiteTeam "Chengdu Pandas"]
[BlackTeam "Minnesota Blizzard"]
[WhiteTeamCountry "CHN"]
[BlackTeamCountry "USA"]

1. Nf3 Nf6 2. c4 g6 3. Nc3 Bg7 4. g3 0-0 5. Bg2 Nc6 6. d4 d6 7. d5 Nb8 8. 0-0 e5 9. e4 a5 10. Ne1 Na6 11. Nd3 Nd7 12. Be3 Ndc5 13. Nxc5 Nxc5 14. Qd2 b6 15. f4 f5 16. fxe5 Bxe5 17. Bd4 Bxd4+ 18. Qxd4 Qf6 19. Qxf6 Rxf6 20. Nb5 Bd7 21. Nxc7 Rc8 22. Ne6 Nxe6 23. dxe6 Bxe6 24. b3 Kf7 25. Rad1 Ke7 26. Rfe1 Rc5 27. exf5 gxf5 28. Rd4 Re5 29. Red1 Bf7 30. Kf2 Rh6 31. h3 Bh5 32. R1d2 Rhe6 33. Rh4 Bg6 34. Bd5 Rf6 35. Bf3 Kd7 36. Rhd4 Kc7 37. Rh4 Rfe6 38. Re2 Rxe2+ 39. Bxe2 Kc6 40. Rd4 Re5 41. Bf3+ Kc5 42. Rh4 a4 43. bxa4 Re7 44. Rf4 Ra7 45. Bd1 Re7 46. Bc2 Re5 47. h4 h5 48. Bd1 Re4 49. Be2 Rxf4+ 50. gxf4 Kd4 51. Kf3 Bf7 52. Kf2 Ke4 53. Kg3 Ke3 54. Bf3 Kd3 55. Bd1 Kd2 56. Bb3 Be8 57. Kf2 Bc6 58. a3 Be4 59. a5 bxa5 60. Ba4 Bc2 61. Be8 Bd1 62. Bd7 Bg4 63. Bb5 Be2 64. Be8 Bd1 65. Bd7 Bg4 66. Bb5 Be2 67. Be8 Bxc4 68. Bxh5 d5 69. Bg6 d4 70. h5 Kc3 71. h6 d3 72. h7 d2 73. h8Q+ 1-0